01769nam a22001937a 4500008004100000020001800041040000800059041001300067100003400080245009900114260005400213300004300267520103600310650005401346650005501400650006401455655002101519700003501540250625b |||||||| |||| 00| 0 eng d a9781534948709 ctbs aengaspa aSmith-Durán, Gordoneauthor aPerfecting the past in Spanishb: a workbook with the learner in mindc/ Gordon Smith-Durán. aGuadalajara, Spain :bLightSpeed Spanish, c2016. a209 pages : billustrations ; c28 cm. aDear student: Thank you for taking an interest in this book. We are sure that you will be very glad you did, why? Simply because once you have worked through the straightforward systems, the easy explanations and the practical exercises found here, you will be able to do the following with confidence: Use Ser and Estar accurately; Choose intelligently between the Preterite and Imperfect Past; Know how to say WAS and WERE correctly in Spanish; Understand and utilise the Perfect Past tenses....and so much more. Talking in the Past is a challenge you can overcome! This book has been designed and written for every passionate student of the Spanish language who currently struggles to talk in the past. We have created some simple-to-follow systems that clear up the mystery of when and how to choose each tense correctly. Just work through the book in the order that we have presented it to you and we promise you that the mists will clear and any confusion you may have had in the past, about the past, will disappear forever. 0aSpanish languagexVerbvProblems, exercises, etc. 0aSpanish languagexTensevProblems, exercises, etc. 0aSpanish language xTextbooks for foreign speakers xEnglish 0aSelf-instruction aSmith-Durán, Cynthiaeauthor